MEDIA DEVELOPMENT, ANNO 33-N.4 (1986) (Record n. 158842)
[ formato base ]
| 000 -LEADER | |
|---|---|
| fixed length control field | 00903nas a2200253Ia 4500 |
| 001 - CONTROL NUMBER | |
| control field | R123/45054 |
| 003 - CONTROL NUMBER IDENTIFIER | |
| control field | IT-RoPAU |
| 008 - FIXED-LENGTH DATA ELEMENTS--GENERAL INFORMATION | |
| fixed length control field | 151124c99999999xx |||||||||||| ||und|| |
| 040 ## - CATALOGING SOURCE | |
| Original cataloging agency | IT-RoPAU |
| 040 ## - CATALOGING SOURCE | |
| Transcribing agency | IT-RoPAU |
| 041 ## - LANGUAGE CODE | |
| Language code of text/sound track or separate title | INGLESE |
| 100 ## - MAIN ENTRY--PERSONAL NAME | |
| Personal name | Bautista Felix B. |
| Miscellaneous information | Codice Aut. SPICS: 42528 |
| 210 ## - ABBREVIATED TITLE | |
| Abbreviated title | MEDIA DEVELOPMENT |
| 222 ## - KEY TITLE | |
| Key title | Media Development |
| 245 ## - TITLE STATEMENT | |
| Title | MEDIA DEVELOPMENT, ANNO 33-N.4 (1986) |
| Remainder of title | Philippine Revolution And The Foreign Media (The) |
| 250 ## - EDITION STATEMENT | |
| Edition statement | 1a ed. |
| 260 ## - PUBLICATION, DISTRIBUTION, ETC. (IMPRINT) | |
| Place of publication, distribution, etc. | LONDON |
| Name of publisher, distributor, etc. | WORLD ASSOCIATION CHR. COMMUN. |
| Date of publication, distribution, etc. | 1986 |
| 300 ## - PHYSICAL DESCRIPTION | |
| Extent | 2 p. [27-28] |
| 362 ## - DATES OF PUBLICATION AND/OR SEQUENTIAL DESIGNATION | |
| Dates of publication and/or sequential designation | ANNO 033, N.04 (1986) |
| 501 ## - WITH NOTE | |
| -- | Paulus - SPICS - Società San Paolo EM (non-commercial uses only) |
| -- | Copyright2015 |
| 500 ## - GENERAL NOTE | |
| General note | Rivoluzione Filippina e i Media Esteri. Migliore la Vista Dall'Estero. Politica Ambivalente di Marcos. |
| 650 ## - SUBJECT ADDED ENTRY--TOPICAL TERM | |
| Topical term or geographic name as entry element | COMUNICAZIONE |
| Form subdivision | PUBBLICAZIONE PERIODICA |
| 942 ## - ADDED ENTRY ELEMENTS (KOHA) | |
| Koha item type | RIVISTA |
| Withdrawn status | Lost status | Damaged status | Not for loan | Home library | Current library | Date acquired | Total Checkouts | Full call number | Date last seen | Price effective from | Koha item type | Public note |
|---|---|---|---|---|---|---|---|---|---|---|---|---|
| Buone Condizioni | Not For Loan | SPICS-MEDIATECA | SPICS-MEDIATECA | 25/11/2015 | R123/45054 | 25/11/2015 | 25/11/2015 | RIVISTA | Progr. Ins: 51276 / Copia rara: NO / date import: 25.11.2015 / By Epidotti, Trombetti, Vaglietti |